000 00565cam a22001691 4500
082 _a595.7
_bSTE
100 1 _aStebbing, Edward Percy,
_949896
245 1 0 _aInsect intruders in Indian homes.
_cBy E. P. Stebbing.
260 _a[Calcutta,
_bPrinted by Thacker, Spink and co.,
_c1909]
300 _a5 p. l., 153, [1] p.,
_billus.,
_c22 cm.
500 _a"Authorities consulted" : 3d prelim. leaf.
526 _a0
_b0
_c0
_d595_700000000000000_STE
650 0 _aHousehold pests.
_9140
650 0 _aInsect pests
_zIndia.
_949897
650 0 _aMCE
_9379
942 _2ddc
_cBK
999 _c552641
_d552641